header

The borderlands of science (Record no. 23220)

MARC details
000 -LEADER
fixed length control field 01245nam a2200325Ia 4500
100 1# - MAIN ENTRY--AUTHOR NAME
Personal name Shermer, Michael.
245 14 - TITLE STATEMENT
Title The borderlands of science
260 ## - PUBLICATION, DISTRIBUTION, ETC. (IMPRINT)
Place of publication Oxford ;
-- New York :
Name of publisher Oxford University Press,
Year of publication 2001.
300 ## - PHYSICAL DESCRIPTION
Number of Pages viii, 360 p. :
Other physical details ill.
650 #0 - SUBJECT ADDED ENTRY--TOPICAL TERM
Topical Term Science
Topical Term Belief and doubt.
Topical Term Parapsychology and science.
Topical Term Skepticism.
856 40 - ELECTRONIC LOCATION AND ACCESS
Uniform Resource Identifier http://site.ebrary.com/lib/rucke/Doc?id=10269197

No items available.

© 2026 Rongo University
Contact us: librarian | system librarian | Rongo university